[Event "Wch U20"]
[Site "Adelaide"]
[Date "1988.??.??"]
[Round "8"]
[White "Hellers, Ferdinand"]
[Black "Polgar, Zsuzsa"]
[Result "1/2-1/2"]
[WhiteElo "2490"]
[BlackElo "2490"]
[PlyCount "57"]
[EventDate "1988.09.??"]
[EventType "swiss"]
[EventRounds "13"]
[EventCountry "AUS"]
[Source "ChessBase"]
[SourceDate "1994.03.01"]

1. e4 e5 2. Nf3 Nc6 3. Bb5 a6 4. Ba4 Nf6 5. O-O Be7 6. Re1 b5 7. Bb3 d6 8. c3
O-O 9. h3 Na5 10. Bc2 c5 11. d4 Qc7 12. Nbd2 cxd4 13. cxd4 Rd8 14. Nf1 exd4 15.
Nxd4 d5 16. e5 Ne4 17. f3 Bc5 18. fxe4 dxe4 19. Be3 Nc4 20. Bxe4 Nxe3 21. Nxe3
Rxd4 22. Qf3 Rb8 23. Kh1 Bb7 24. Nd5 Bxd5 25. Bxd5 Rd8 26. Bb3 Rd3 27. Qf5 g6
28. Qe4 R3d4 29. Qf3 1/2-1/2

[Event "Wch U20"]
[Site "Adelaide"]
[Date "1988.??.??"]
[Round "13"]
[White "Wahls, Matthias"]
[Black "Polgar, Zsuzsa"]
[Result "1/2-1/2"]
[WhiteElo "2460"]
[BlackElo "2490"]
[PlyCount "41"]
[EventDate "1988.09.??"]
[EventType "swiss"]
[EventRounds "13"]
[EventCountry "AUS"]
[Source "ChessBase"]
[SourceDate "1994.03.01"]

1. e4 e5 2. Nf3 Nc6 3. Bb5 a6 4. Bxc6 dxc6 5. O-O Bd6 6. d4 exd4 7. Qxd4 f6 8.
Re1 Ne7 9. e5 fxe5 10. Nxe5 O-O 11. Bg5 Be6 12. Nc3 Qe8 13. Nc4 Nf5 14. Qe4 Bd7
15. Nxd6 cxd6 16. Qc4+ Qf7 17. Qxf7+ Rxf7 18. Ne4 h6 19. Bd2 Re8 20. f3 Rfe7
21. c3 1/2-1/2

[Event "Thessaloniki ol (Women)"]
[Site "Thessaloniki"]
[Date "1988.??.??"]
[Round "?"]
[White "Polgar, Zsuzsa"]
[Black "Stanciu, Gabriela"]
[Result "1-0"]
[WhiteElo "2475"]
[BlackElo "2245"]
[PlyCount "57"]
[EventDate "1988.11.??"]
[EventType "team"]
[EventRounds "14"]
[EventCountry "GRE"]
[Source "ChessBase"]
[SourceDate "1996.11.15"]

1. d4 d5 2. c4 e6 3. Nf3 c5 4. cxd5 exd5 5. Nc3 Nc6 6. Bf4 cxd4 7. Nxd4 Bb4 8.
Ndb5 d4 9. a3 dxc3 10. axb4 cxb2 11. Nc7+ Ke7 12. Qxd8+ Nxd8 13. Rb1 Bf5 14. e4
Bxe4 15. Rxb2 Ne6 16. Nxa8 Nxf4 17. f3 Bd3 18. Nc7 Nf6 19. g3 Rc8 20. gxf4 Rxc7
21. Kf2 Rc1 22. Rd2 Bc4 23. Rg1 Nh5 24. Bxc4 Rxc4 25. Re1+ Kf6 26. Rd6+ Kf5 27.
Re5+ Kxf4 28. Rxh5 Rc2+ 29. Ke1 1-0

[Event "Thessaloniki ol (Women)"]
[Site "Thessaloniki"]
[Date "1988.??.??"]
[Round "?"]
[White "Slavotinek, Anne"]
[Black "Polgar, Zsuzsa"]
[Result "0-1"]
[WhiteElo "2070"]
[BlackElo "2475"]
[PlyCount "58"]
[EventDate "1988.11.??"]
[EventType "team"]
[EventRounds "14"]
[EventCountry "GRE"]
[Source "ChessBase"]
[SourceDate "1996.11.15"]

1. e4 c5 2. b3 d6 3. f4 Nf6 4. Bb5+ Nc6 5. Bxc6+ bxc6 6. Qe2 g6 7. Bb2 Bg7 8.
c4 O-O 9. Nc3 d5 10. d3 Nh5 11. Qf3 Qa5 12. e5 d4 13. Nge2 f5 14. Qxc6 dxc3 15.
Bxc3 Qb6 16. Qxa8 Bb7 17. Qxf8+ Bxf8 18. O-O e6 19. Rad1 Qc6 20. Rf2 Be7 21. d4
Bh4 22. Rf3 Qe4 23. Rd2 Be1 24. Rd1 cxd4 25. Rxe1 dxc3 26. Kf1 c2 27. Nc1 Qd4
28. Rf2 Be4 29. Ne2 Qd2 0-1

[Event "EU-Cup"]
[Site "Budapest"]
[Date "1989.??.??"]
[Round "?"]
[White "Arnason, Jon L"]
[Black "Polgar, Zsuzsa"]
[Result "1-0"]
[WhiteElo "2550"]
[BlackElo "2510"]
[PlyCount "79"]
[EventDate "1989.??.??"]
[EventType "team"]
[EventRounds "2"]
[EventCountry "HUN"]
[Source "ChessBase"]
[SourceDate "2003.11.25"]
[WhiteTeam "Reykjavik"]
[BlackTeam "Budapest MTK"]
[WhiteTeamCountry "ISL"]
[BlackTeamCountry "HUN"]

1. e4 e5 2. Nf3 Nc6 3. Bb5 Nf6 4. O-O Nxe4 5. d4 Nd6 6. Bxc6 dxc6 7. dxe5 Nf5
8. Qxd8+ Kxd8 9. Nc3 h6 10. h3 Be6 11. b3 a5 12. Bb2 Bb4 13. Rad1+ Kc8 14. g4
Ne7 15. Nd4 h5 16. Nxe6 fxe6 17. Ne2 a4 18. Kg2 Ng6 19. f4 axb3 20. axb3 hxg4
21. hxg4 Ra2 22. Rb1 Rd8 23. Nc1 Rd2+ 24. Kg3 Ra8 25. f5 exf5 26. gxf5 Nf8 27.
Nd3 Be7 28. Rf2 Rxf2 29. Kxf2 Ra2 30. Kf3 Nd7 31. Rh1 Nc5 32. Rh8+ Kd7 33.
Nxc5+ Bxc5 34. e6+ Ke7 35. Bxg7 Rxc2 36. Bf8+ Kf6 37. Bxc5 Rxc5 38. Rf8+ Ke7
39. Rf7+ Ke8 40. Kf4 1-0

[Event "EU-Cup"]
[Site "Budapest"]
[Date "1989.??.??"]
[Round "?"]
[White "Polgar, Zsuzsa"]
[Black "Arnason, Jon L"]
[Result "0-1"]
[WhiteElo "2510"]
[BlackElo "2550"]
[PlyCount "56"]
[EventDate "1989.??.??"]
[EventType "team"]
[EventRounds "2"]
[EventCountry "HUN"]
[Source "ChessBase"]
[SourceDate "2003.11.25"]
[WhiteTeam "Budapest MTK"]
[BlackTeam "Reykjavik"]
[WhiteTeamCountry "HUN"]
[BlackTeamCountry "ISL"]

1. d4 Nf6 2. Nf3 e6 3. e3 b6 4. Bd3 Bb7 5. O-O c5 6. c4 Be7 7. Nc3 cxd4 8. exd4
d6 9. Re1 O-O 10. a3 Nbd7 11. b4 Re8 12. Bb2 Bf8 13. d5 e5 14. Nd2 g6 15. a4 a5
16. bxa5 bxa5 17. Nb3 Ba6 18. Qd2 Ng4 19. h3 Bh6 20. Qc2 Ngf6 21. Ba3 Rc8 22.
Bxd6 e4 23. Bf1 Bxc4 24. Bxc4 Rxc4 25. Nd2 Rc8 26. Qb2 e3 27. Nf3 Rxc3 28. Qxc3
Ne4 0-1

[Event "EU-Cup MTK-Beer Sheva"]
[Site "Budapest"]
[Date "1989.??.??"]
[Round "?"]
[White "Polgar, Zsuzsa"]
[Black "Gurevich, Dmitry"]
[Result "0-1"]
[WhiteElo "2520"]
[BlackElo "2480"]
[PlyCount "64"]
[EventDate "1989.??.??"]
[EventType "team-match"]
[EventRounds "1"]
[EventCountry "HUN"]
[Source "ChessBase"]
[SourceDate "2009.11.30"]

1. d4 Nf6 2. Nf3 e6 3. c4 c5 4. d5 b5 5. Bg5 Qa5+ 6. Qd2 Qxd2+ 7. Nbxd2 Na6 8.
O-O-O exd5 9. Bxf6 gxf6 10. cxd5 Nb4 11. Ne4 Nxa2+ 12. Kb1 Nb4 13. d6 Bb7 14.
Nxf6+ Kd8 15. Ng5 Bg7 16. Nh5 Rg8 17. Nxf7+ Ke8 18. Nxg7+ Kxf7 19. Nh5 Be4+ 20.
Kc1 a5 21. f3 Bc6 22. e4 a4 23. Kd2 a3 24. bxa3 Rxa3 25. Rc1 Ra2+ 26. Ke3 Nc2+
27. Kf4 Nd4 28. h4 Rg6 29. e5 Ra3 30. Rh3 Ne6+ 31. Kf5 Ra4 32. Rd1 Rf4+ 0-1

[Event "German Cup"]
[Site "Cologne"]
[Date "1989.??.??"]
[Round "1"]
[White "Polgar, Zsuzsa"]
[Black "Schoen, Wolfram"]
[Result "1/2-1/2"]
[WhiteElo "2510"]
[BlackElo "2405"]
[Annotator "Ftacnik,L"]
[PlyCount "78"]
[EventDate "1989.??.??"]
[EventType "swiss (rapid)"]
[EventRounds "4"]
[EventCountry "GER"]
[Source "ChessBase"]
[SourceDate "1990.06.01"]

1. d4 Nf6 2. Nf3 d5 3. c4 e6 4. Nc3 Bb4 5. Bg5 dxc4 6. e4 c5 7. Bxc4 cxd4 8.
Nxd4 Bxc3+ 9. bxc3 Qa5 10. Bxf6 Qxc3+ 11. Kf1 gxf6 12. Rc1 Qa5 13. h4 Ke7 14.
Rh3 Nc6 15. Nxc6+ bxc6 16. Rd3 Rb8 17. Kg1 Rd8 18. Rxd8 Qxd8 19. Qh5 Qd4 20.
Bb3 Bd7 21. Qa5 {N} (21. Rd1 Qe5 22. Qxh7 c5 23. Rxd7+ Kxd7 24. Qxf7+ Kd6 25.
Qxa7 Qa1+ 26. Kh2 Rxb3 $19 {Vegh,E-Schoen,W/Budapest Elekes/1989/0-1/40/ ->
CBM 14}) 21... Rb4 22. Rd1 Qb6 23. Qh5 Rd4 24. e5 (24. Qxh7 Rxd1+ 25. Bxd1 Qb1
26. Qh5 Qxa2 $13 (26... Qxe4)) 24... Rxd1+ 25. Bxd1 fxe5 26. Qxe5 Qb5 27. Qg7
Qf5 28. h5 $17 c5 29. Bg4 Qf4 30. h6 Bc6 31. Bh5 Be4 32. Be2 Qc1+ 33. Kh2 Qd2
34. Bh5 Qxf2 35. Qg5+ f6 36. Qg4 Bd5 37. Bg6 Qd2 38. Qh3 Qf4+ 39. Kg1 Be4 {
Ftacnik} 1/2-1/2

[Event "German Cup"]
[Site "Cologne"]
[Date "1989.??.??"]
[Round "2"]
[White "Polgar, Zsuzsa"]
[Black "Lobron, Eric"]
[Result "1/2-1/2"]
[WhiteElo "2510"]
[BlackElo "2555"]
[Annotator "Ribli"]
[PlyCount "104"]
[EventDate "1989.??.??"]
[EventType "swiss (rapid)"]
[EventRounds "4"]
[EventCountry "GER"]
[Source "ChessBase"]
[SourceDate "1990.06.01"]

1. d4 {Zoltan Ribli} Nf6 2. c4 d6 3. Nc3 Nbd7 4. Nf3 c6 5. e4 e5 6. Be2 Be7 7.
O-O a6 8. Be3 O-O (8... b5 $5 9. a3 $5 (9. Nd2 exd4 10. Bxd4 b4 11. Na4 c5 12.
Be3 O-O {Ivanov-Gulko   Philadelphia 1988 46/92}) 9... Bb7 10. Qc2 {10.b4,0-0 
11.dxe5,dxe5  12.c5 +/=    Barlov} O-O 11. h3 Qb8 12. Rfd1 exd4 13. Nxd4 g6 {
Gulko-Barlov    Saint John op 45/(76)    =}) 9. d5 $1 cxd5 10. cxd5 b5 11. Nd2
{+/=} Nb6 12. a4 Nxa4 13. Nxa4 bxa4 14. Rxa4 {14.Qxa4!?} Bd7 15. Ra2 Qb8 16. f3
Bb5 17. Bxb5 Qxb5 18. Qb3 Qe2 19. Rf2 Qb5 20. Rf1 Qe2 21. Rf2 Qb5 22. Qxb5 axb5
23. Rxa8 Rxa8 24. Nb3 Bd8 25. Rc2 Kf8 26. Kf2 Ke8 27. Ke2 Kd7 28. Kd3 Ng8 29.
f4 f6 30. g4 Ne7 31. f5 Nc8 32. g5 $1 fxg5 33. Rg2 h6 34. h4 Bf6 35. hxg5 hxg5
36. Bxg5 Ne7 37. Bxf6 gxf6 38. Rg7 Rh8 39. Na5 Kd8 40. Nb7+ Kd7 41. Na5 Kd8 42.
Nc6+ Nxc6 43. dxc6 Rh3+ 44. Kd2 Rb3 45. Kc2 Re3 46. Rd7+ Kc8 47. Rxd6 Rxe4 48.
Rxf6 Kc7 49. Re6 Rc4+ 50. Kd3 Rd4+ 51. Ke3 Rb4 52. f6 Rf4 {Zoltan Ribli}
1/2-1/2

[Event "HUN-chT"]
[Site "Hungary"]
[Date "1989.??.??"]
[Round "5"]
[White "Deak, Sandor"]
[Black "Polgar, Zsuzsa"]
[Result "0-1"]
[WhiteElo "2240"]
[BlackElo "2510"]
[PlyCount "80"]
[EventDate "1989.??.??"]
[EventType "team"]
[EventRounds "13"]
[EventCountry "HUN"]
[Source "ChessBase"]
[SourceDate "2008.11.26"]

1. d4 Nf6 2. c4 e6 3. Nc3 Bb4 4. Nf3 d5 5. cxd5 exd5 6. Bg5 h6 7. Bxf6 Qxf6 8.
e3 O-O 9. Be2 c6 10. O-O Nd7 11. a3 Bd6 12. b4 a6 13. Qb3 Qe7 14. Bd3 Nf6 15.
Rfe1 Ne4 16. Bxe4 dxe4 17. Nd2 Be6 18. Qc2 f5 19. f4 g5 20. g3 gxf4 21. exf4
Rad8 22. Ne2 Bb8 23. Nb3 Bxb3 24. Qxb3+ Qf7 25. Qxf7+ Kxf7 26. Kf2 Ba7 27. Ke3
h5 28. h3 Rg8 29. Rg1 Rg6 30. g4 hxg4 31. hxg4 fxg4 32. f5 Rh6 33. Rh1 Rh3+ 34.
Rxh3 gxh3 35. Rh1 Rh8 36. Nf4 h2 37. Ng6 Rh3+ 38. Kxe4 Kf6 39. Ne5 Rh4+ 40. Kf3
Kxf5 0-1

[Event "HUN-chT 8889"]
[Site "Hungary"]
[Date "1988.??.??"]
[Round "?"]
[White "Farago, Ivan"]
[Black "Polgar, Zsuzsa"]
[Result "0-1"]
[WhiteElo "2475"]
[BlackElo "2475"]
[PlyCount "100"]
[EventDate "1989.??.??"]
[EventType "team"]
[EventRounds "13"]
[EventCountry "HUN"]
[Source "ChessBase"]
[SourceDate "2009.11.30"]

1. d4 f5 2. g3 Nf6 3. Bg2 g6 4. Nf3 Bg7 5. O-O O-O 6. c4 d6 7. Nc3 Qe8 8. Re1
Qf7 9. b3 Ne4 10. Bb2 Nc6 11. Qd3 Nxc3 12. Qxc3 e5 13. dxe5 dxe5 14. Ng5 Qf6
15. Bd5+ Kh8 16. f4 Ne7 17. e3 e4 18. Qxf6 Bxf6 19. Bxf6+ Rxf6 20. Rad1 h6 21.
Nf7+ Kg7 22. Ne5 c6 23. Bf7 Rxf7 24. Nxf7 Kxf7 25. Rd8 a5 26. Red1 a4 27. b4
Ra7 28. Rh8 Kg7 29. Re8 b6 30. Rd6 Kf7 31. Rh8 Be6 32. Rdd8 Bxc4 33. Rh7+ Ke6
34. a3 c5 35. Rb8 b5 36. bxc5 Kd5 37. Re8 Nc6 38. Rxh6 Kxc5 39. Rc8 Bf7 40. h4
b4 41. h5 Be6 42. axb4+ Kb5 43. Rxc6 Kxc6 44. hxg6 Rg7 45. Kf2 a3 46. g4 a2 47.
Rh1 Rxg6 48. gxf5 Bxf5 49. Ra1 Be6 50. f5 Rf6 0-1

[Event "HUN-chT 8889"]
[Site "Hungary"]
[Date "1988.??.??"]
[Round "?"]
[White "Lorincz, Istvan"]
[Black "Polgar, Zsuzsa"]
[Result "1-0"]
[WhiteElo "2325"]
[BlackElo "2475"]
[PlyCount "83"]
[EventDate "1989.??.??"]
[EventType "team"]
[EventRounds "13"]
[EventCountry "HUN"]
[Source "ChessBase"]
[SourceDate "2009.11.30"]

1. d4 f5 2. g3 g6 3. Bg2 Nf6 4. Nf3 Bg7 5. O-O O-O 6. c4 d6 7. Nc3 Nc6 8. d5
Na5 9. Nd2 c5 10. a3 Ng4 11. Qc2 Bd7 12. b3 Rc8 13. Bb2 a6 14. e3 b5 15. Ne2
Bxb2 16. Qxb2 Rb8 17. Qc3 Qb6 18. h3 Nf6 19. Nf4 Rb7 20. Rfe1 Rfb8 21. e4 bxc4
22. bxc4 fxe4 23. Rab1 Qd8 24. Rxb7 Rxb7 25. Bxe4 Rb8 26. Bxg6 hxg6 27. Nxg6
Kf7 28. Nxe7 Qh8 29. Nf3 Nb3 30. Ng5+ Kg7 31. Qd3 Qh5 32. Nf5+ Kh8 33. Nxd6 Kg8
34. Ne6 Bxe6 35. Rxe6 Qg5 36. h4 Qg7 37. Nf5 Qf8 38. Ne7+ Kg7 39. Qg6+ Kh8 40.
Rxf6 Qxe7 41. Qh5+ Kg7 42. Qg5+ 1-0

[Event "HUN-chT 8889"]
[Site "Hungary"]
[Date "1988.??.??"]
[Round "?"]
[White "Polgar, Zsuzsa"]
[Black "Barczay, Laszlo"]
[Result "1-0"]
[WhiteElo "2475"]
[BlackElo "2410"]
[PlyCount "59"]
[EventDate "1989.??.??"]
[EventType "team"]
[EventRounds "13"]
[EventCountry "HUN"]
[Source "ChessBase"]
[SourceDate "2009.11.30"]

1. d4 Nf6 2. c4 g6 3. Nc3 d5 4. cxd5 Nxd5 5. e4 Nxc3 6. bxc3 Bg7 7. Nf3 c5 8.
Bb5+ Bd7 9. Be2 O-O 10. O-O Nc6 11. h3 Qc7 12. Bg5 Rfd8 13. d5 Be8 14. Rb1 b6
15. Qc1 Ne5 16. c4 Nxf3+ 17. Bxf3 Bd4 18. Bg4 h5 19. Be2 f6 20. Bf4 e5 21. Be3
g5 22. Rb3 Bg6 23. Bd3 Rd7 24. Bxd4 cxd4 25. a4 Rb8 26. a5 Be8 27. Qa3 Rd6 28.
Rfb1 Rc8 29. axb6 axb6 30. Qb2 1-0

[Event "HUN-chT 8889"]
[Site "Hungary"]
[Date "1989.??.??"]
[Round "?"]
[White "Barczay, Laszlo"]
[Black "Polgar, Zsuzsa"]
[Result "0-1"]
[WhiteElo "2395"]
[BlackElo "2510"]
[PlyCount "46"]
[EventDate "1989.??.??"]
[EventType "team"]
[EventRounds "13"]
[EventCountry "HUN"]
[Source "ChessBase"]
[SourceDate "2009.11.30"]

1. e4 c5 2. Nf3 Nc6 3. d4 cxd4 4. Nxd4 Nf6 5. Nc3 e5 6. Ndb5 d6 7. Bg5 a6 8.
Na3 b5 9. Bxf6 gxf6 10. Nd5 Bg7 11. c3 f5 12. Bd3 Be6 13. O-O Bxd5 14. exd5 Ne7
15. Qh5 e4 16. Bc2 O-O 17. Rad1 Rc8 18. Bb1 Rc5 19. Nc2 Nxd5 20. Qxf5 Nxc3 21.
Qxc5 Ne2+ 22. Kh1 dxc5 23. Rxd8 Rxd8 0-1

[Event "Aubervilliers op 16th"]
[Site "Aubervilliers"]
[Date "1989.??.??"]
[Round "?"]
[White "Polgar, Zsuzsa"]
[Black "Sharif, Mershad"]
[Result "0-1"]
[WhiteElo "2400"]
[BlackElo "2400"]
[PlyCount "51"]
[EventDate "1989.01.??"]
[EventType "swiss (rapid)"]
[EventRounds "9"]
[EventCountry "FRA"]
[Source "ChessBase"]
[SourceDate "2007.11.25"]

1. e4 e5 2. f4 Bc5 3. Nf3 d6 4. c3 Bb6 5. d4 exd4 6. cxd4 Bg4 7. Be3 Nf6 8. Nc3
Nc6 9. Bc4 O-O 10. O-O Nxe4 11. Nxe4 d5 12. Bxd5 Qxd5 13. Nc5 Rfe8 14. Qd2 Bxf3
15. Rxf3 Rxe3 16. Rxe3 Bxc5 17. Kh1 Qxd4 18. Rd3 Qf6 19. Re1 h6 20. a3 Bd6 21.
Rf1 Re8 22. b4 a6 23. g3 Qe6 24. Rff3 Qe4 25. Kg1 a5 26. Qe1 0-1

[Event "New York op"]
[Site "New York"]
[Date "1989.??.??"]
[Round "5"]
[White "Gelfand, Boris"]
[Black "Polgar, Zsuzsa"]
[Result "1/2-1/2"]
[WhiteElo "2600"]
[BlackElo "2510"]
[PlyCount "51"]
[EventDate "1989.03.??"]
[EventType "swiss"]
[EventRounds "9"]
[EventCountry "USA"]
[Source "ChessBase"]
[SourceDate "1989.10.01"]

1. c4 e5 2. Nc3 c5 3. g3 Nc6 4. Bg2 g6 5. a3 a5 6. d3 Bg7 7. Nf3 d6 8. O-O Nge7
9. Rb1 Rb8 10. Nd5 O-O 11. Bg5 f6 12. Bd2 Be6 13. Ne1 b5 14. Nc2 f5 15. b3 b4
16. axb4 axb4 17. Ra1 Bf7 18. Bg5 h6 19. Bxe7 Nxe7 20. Nxe7+ Qxe7 21. Ne3 e4
22. Ra6 Ra8 23. Rxa8 Rxa8 24. Qc2 exd3 25. Qxd3 Ra2 26. Bf3 1/2-1/2

[Event "New York op"]
[Site "New York"]
[Date "1989.??.??"]
[Round "6"]
[White "Dolmatov, Sergey"]
[Black "Polgar, Zsuzsa"]
[Result "1-0"]
[WhiteElo "2580"]
[BlackElo "2510"]
[PlyCount "121"]
[EventDate "1989.03.??"]
[EventType "swiss"]
[EventRounds "9"]
[EventCountry "USA"]
[Source "ChessBase"]
[SourceDate "1989.10.01"]

1. e4 e5 2. Nf3 Nc6 3. Bb5 a6 4. Ba4 Nf6 5. O-O Be7 6. Re1 b5 7. Bb3 d6 8. c3
O-O 9. h3 Na5 10. Bc2 c5 11. d4 Qc7 12. Nbd2 cxd4 13. cxd4 Rd8 14. b3 exd4 15.
Bb2 Nc6 16. Nxd4 Nxd4 17. Bxd4 Bb7 18. Rc1 Qa5 19. Bb1 Rac8 20. Rxc8 Rxc8 21.
Nf1 Re8 22. Re3 Qd8 23. Ng3 g6 24. Qd2 Bf8 25. Qb2 Bg7 26. f4 Rf8 27. Kh2 h5
28. b4 h4 29. Nh1 d5 30. e5 Ne4 31. Nf2 Ng3 32. Rf3 Bc8 33. Ng4 Ne4 34. Ne3 Bh6
35. Bd3 Be6 36. Ng4 Bg7 37. Qe2 Qd7 38. Ne3 Rc8 39. Qe1 Ng3 40. Rxg3 hxg3+ 41.
Qxg3 Rc4 42. Bxc4 dxc4 43. Bc3 Qd3 44. Ng4 Qe2 45. a3 Bf5 46. Qh4 Qc2 47. Qd8+
Kh7 48. Qd2 Qb1 49. Ne3 Be4 50. h4 Bh6 51. Kg3 Ba8 52. Qd4 Bg7 53. Kh2 Qb3 54.
Bb2 Qa2 55. h5 gxh5 56. Nf5 Bh8 57. Qd1 Kg6 58. Ng3 Be4 59. Qxh5+ Kg7 60. Nxe4
Qxb2 61. Nd6 1-0

[Event "New York op"]
[Site "New York"]
[Date "1989.??.??"]
[Round "8"]
[White "Shirazi, Kamran"]
[Black "Polgar, Zsuzsa"]
[Result "1-0"]
[WhiteElo "2395"]
[BlackElo "2510"]
[PlyCount "107"]
[EventDate "1989.03.??"]
[EventType "swiss"]
[EventRounds "9"]
[EventCountry "USA"]
[Source "ChessBase"]
[SourceDate "1989.10.01"]

1. c4 e5 2. g3 Nc6 3. Bg2 g6 4. Nc3 Bg7 5. Rb1 d6 6. d3 f5 7. e3 Nf6 8. b4 a6
9. Nge2 O-O 10. a4 Rb8 11. Qb3 Be6 12. b5 Ne7 13. Nd5 axb5 14. axb5 g5 15. f4
gxf4 16. exf4 Ng6 17. b6 Nxd5 18. cxd5 Bf7 19. fxe5 dxe5 20. Ba3 Re8 21. O-O c6
22. Rxf5 Bxd5 23. Bxd5+ Qxd5 24. Nc3 Qxb3 25. Rxb3 Nf8 26. Ne4 Nd7 27. Bd6 Ra8
28. Rb1 Ra6 29. Rbf1 Nxb6 30. Rf7 Nd5 31. Rxb7 Ne3 32. Rf3 Ra1+ 33. Kf2 Ng4+
34. Kg2 Ra2+ 35. Kh3 h5 36. Kh4 Rxh2+ 37. Kg5 Bh6+ 38. Kg6 Re6+ 39. Kf5 Re8 40.
Be7 Bf8 41. Nf6+ Nxf6 42. Bxf6 Rg2 43. Kg6 Re6 44. Rb8 Rd6 45. Rf5 Rxg3+ 46.
Kxh5 Rd7 47. Be7 Kh7 48. Rfxf8 Rdxd3 49. Bf6 Rh3+ 50. Kg5 Rdg3+ 51. Kf5 Rf3+
52. Ke6 Kg6 53. Rg8+ Kh5 54. Rg5+ 1-0

[Event "Salamanca"]
[Site "Salamanca"]
[Date "1989.??.??"]
[Round "?"]
[White "Gomez Esteban, Juan Mario"]
[Black "Polgar, Zsuzsa"]
[Result "1-0"]
[WhiteElo "2460"]
[BlackElo "2510"]
[PlyCount "89"]
[EventDate "1989.04.??"]
[EventType "tourn"]
[EventRounds "11"]
[EventCountry "ESP"]
[EventCategory "9"]
[Source "ChessBase"]
[SourceDate "1989.12.01"]

1. d4 Nf6 2. Nf3 g6 3. c4 Bg7 4. g3 O-O 5. Bg2 d6 6. O-O c5 7. b3 Nc6 8. Bb2
cxd4 9. Nxd4 Bd7 10. Nc3 Qa5 11. e3 Rfc8 12. h3 a6 13. Qe2 Rab8 14. Rfc1 Kf8
15. a3 Qb6 16. b4 Ne5 17. Nd5 Nxd5 18. cxd5 Bb5 19. Nxb5 Qxb5 20. Qxb5 axb5 21.
Bd4 f5 22. Rab1 Nc4 23. Bxg7+ Kxg7 24. Rb3 Ra8 25. Bf1 Kf6 26. Rbc3 Rc7 27. f4
b6 28. Kf2 Rca7 29. Bxc4 bxc4 30. Rxc4 Rxa3 31. Rc8 b5 32. g4 h6 33. Kf3 Rxc8
34. Rxc8 Rb3 35. Rf8+ Kg7 36. Re8 Kf7 37. Rh8 Rxb4 38. Rh7+ Kf6 39. gxf5 gxf5
40. Rxh6+ Kg7 41. Rh5 Kg6 42. Rg5+ Kf6 43. Rg1 Rb2 44. Rc1 Rd2 45. Rc7 {time}
1-0

[Event "Salamanca"]
[Site "Salamanca"]
[Date "1989.??.??"]
[Round "?"]
[White "Lima, Darcy"]
[Black "Polgar, Zsuzsa"]
[Result "1/2-1/2"]
[WhiteElo "2385"]
[BlackElo "2510"]
[PlyCount "127"]
[EventDate "1989.04.??"]
[EventType "tourn"]
[EventRounds "11"]
[EventCountry "ESP"]
[EventCategory "9"]
[Source "ChessBase"]
[SourceDate "1989.12.01"]

1. Nf3 Nf6 2. g3 c5 3. Bg2 Nc6 4. d4 d5 5. O-O Bg4 6. Ne5 cxd4 7. Nxg4 Nxg4 8.
e3 Nf6 9. exd4 e6 10. c3 Be7 11. Re1 b5 12. Qd3 Qb6 13. Be3 Na5 14. b3 O-O 15.
Nd2 Rfc8 16. a4 a6 17. axb5 axb5 18. Ra2 Ra7 19. Rea1 Rca8 20. c4 Nc6 21. Rxa7
Rxa7 22. Rxa7 Nxa7 23. Bf1 b4 24. c5 Qa5 25. Qa6 Qxa6 26. Bxa6 Ne8 27. Nf3 Bd8
28. Bd2 Ba5 29. Ne1 Nc7 30. Bb7 Ncb5 31. Nc2 Kf8 32. Kf1 Ke7 33. Ke2 Kd7 34.
Kd3 Nc6 35. Bxc6+ Kxc6 36. Bxb4 Bd8 37. Bd2 Na7 38. Kc3 Nb5+ 39. Kd3 Na7 40. h3
h5 41. Bf4 Kb5 42. Kc3 Bf6 43. Na3+ Kc6 44. Kd3 Bd8 45. Bd2 Nb5 46. Nc2 Na7 47.
Bc3 Bf6 48. g4 hxg4 49. hxg4 g5 50. Bd2 Bd8 51. f4 gxf4 52. Bxf4 f6 53. Bb8 Nb5
54. Bg3 Na7 55. Bh4 Kb5 56. Kc3 Nc6 57. Na3+ Ka5 58. Be1 e5 59. Nc2 Be7 60. Bh4
Kb5 61. b4 Ka4 62. dxe5 Nxe5 63. Nd4 Nxg4 64. Bg3 1/2-1/2

[Event "Salamanca"]
[Site "Salamanca"]
[Date "1989.??.??"]
[Round "?"]
[White "Polgar, Zsuzsa"]
[Black "Sanz Alonso, Francisco Javier"]
[Result "1/2-1/2"]
[WhiteElo "2510"]
[BlackElo "2420"]
[PlyCount "95"]
[EventDate "1989.04.??"]
[EventType "tourn"]
[EventRounds "11"]
[EventCountry "ESP"]
[EventCategory "9"]
[Source "ChessBase"]
[SourceDate "1989.12.01"]

1. d4 f5 2. Nc3 d5 3. Bf4 Nf6 4. e3 a6 5. Bd3 c5 6. dxc5 e6 7. Na4 Bxc5 8. Nxc5
Qa5+ 9. c3 Qxc5 10. Be5 Nbd7 11. Qa4 b5 12. Qd4 Nxe5 13. Qxe5 O-O 14. Qd4 Qe7
15. f4 Bd7 16. Nf3 Rfc8 17. O-O Be8 18. h3 a5 19. a3 Rab8 20. Kh2 Rc7 21. Qe5
Rb6 22. Rg1 h5 23. Rgd1 Rcb7 24. Qd4 Nd7 25. Rg1 Nf6 26. Rad1 Rb8 27. Ng5 Nh7
28. Nxh7 Kxh7 29. g4 hxg4 30. Rg3 Kg8 31. hxg4 fxg4 32. Kg2 e5 33. Qxe5 Qxe5
34. fxe5 Re6 35. Bf5 Rxe5 36. Bxg4 b4 37. axb4 axb4 38. cxb4 Rxb4 39. Rd2 Bf7
40. Kf2 Re8 41. Bd1 Reb8 42. b3 d4 43. Rxd4 Bxb3 44. Bf3 Bf7 45. Rxb4 Rxb4 46.
e4 Rb3 47. e5 Kf8 48. Rg1 1/2-1/2

[Event "Salamanca"]
[Site "Salamanca"]
[Date "1989.??.??"]
[Round "?"]
[White "Rivas Pastor, Manuel"]
[Black "Polgar, Zsuzsa"]
[Result "1/2-1/2"]
[WhiteElo "2505"]
[BlackElo "2510"]
[PlyCount "92"]
[EventDate "1989.04.??"]
[EventType "tourn"]
[EventRounds "11"]
[EventCountry "ESP"]
[EventCategory "9"]
[Source "ChessBase"]
[SourceDate "1989.12.01"]

1. d4 Nf6 2. c4 g6 3. Nc3 Bg7 4. e4 d6 5. Be3 O-O 6. h3 e5 7. d5 Nbd7 8. Bd3
Nh5 9. Nge2 Nc5 10. Bc2 f5 11. exf5 gxf5 12. b4 Na6 13. Rb1 Qh4 14. g3 Qe7 15.
Qd3 Bd7 16. g4 Nf4 17. Bxf4 exf4 18. Kf1 Qh4 19. Qf3 Rae8 20. gxf5 Bxf5 21.
Bxf5 Rxf5 22. Nb5 Qh5 23. Qxh5 Rxh5 24. Nxf4 Rh4 25. Ne6 Be5 26. Rg1+ Kf7 27.
Rg4 Rxg4 28. hxg4 c6 29. Nbd4 cxd5 30. cxd5 Bxd4 31. Nxd4 Re4 32. Nf5 Rxb4 33.
Nxd6+ Kf6 34. Rxb4 Nxb4 35. Nxb7 Nxd5 36. Nc5 Ke5 37. f3 Kd4 38. Ne6+ Ke5 39.
Nf8 h6 40. Kf2 a5 41. a3 a4 42. Kg3 Nb6 43. f4+ Kf6 44. f5 Nc4 45. Nd7+ Kf7 46.
Nc5 Nxa3 1/2-1/2

[Event "Leon"]
[Site "Leon"]
[Date "1989.??.??"]
[Round "?"]
[White "Polgar, Zsuzsa"]
[Black "Pinter, Jozsef"]
[Result "1/2-1/2"]
[WhiteElo "2510"]
[BlackElo "2550"]
[PlyCount "24"]
[EventDate "1989.06.??"]
[EventType "tourn"]
[EventRounds "11"]
[EventCountry "ESP"]
[EventCategory "8"]
[Source "ChessBase"]
[SourceDate "1996.11.15"]

1. d4 d5 2. c4 c6 3. cxd5 cxd5 4. Nc3 Nf6 5. Bf4 Nc6 6. Nf3 Bf5 7. e3 e6 8. Bd3
Bxd3 9. Qxd3 Bd6 10. Bxd6 Qxd6 11. O-O O-O 12. Rfc1 Rac8 1/2-1/2